Catálogo

MANUAL DE TECNICA DE LA INVESTIGACION EDUCACIONAL (Registro nro. 35971)

Detalles MARC
000 -LEADER
fixed length control field 00468nam a2200169 a 4500
001 - CONTROL NUMBER
control field 35971
005 - DATE AND TIME OF LATEST TRANSACTION
control field 20180714004428.0
008 - FIXED-LENGTH DATA ELEMENTS--GENERAL INFORMATION
fixed length control field 140415s1971 000 0 spa d
041 ## - LANGUAGE CODE
Language code of text/sound track or separate title spa
082 ## - DEWEY DECIMAL CLASSIFICATION NUMBER
Classification number 370.072
Item number VAN
100 1# - MAIN ENTRY--PERSONAL NAME
Personal name VAN DALEN, DEOBOLD
245 10 - TITLE STATEMENT
Title MANUAL DE TECNICA DE LA INVESTIGACION EDUCACIONAL
260 ## - PUBLICATION, DISTRIBUTION, ETC.
Place of publication, distribution, etc. [s.l.] :
Name of publisher, distributor, etc. PAIDOS,
Date of publication, distribution, etc. 1971
300 ## - PHYSICAL DESCRIPTION
Extent 542
650 14 - SUBJECT ADDED ENTRY--TOPICAL TERM
Topical term or geographic name entry element INVESTIGACION EDUCATIVA
700 1# - ADDED ENTRY--PERSONAL NAME
Personal name MAYER, WILLIAM J.
Relator term coaut.
Existencias
Withdrawn status Lost status Source of classification or shelving scheme Damaged status Not for loan Collection code Home library Current library Shelving location Date acquired Source of acquisition Inventory number Total Checkouts Full call number Barcode Date last seen Date last checked out Price effective from Koha item type
    Dewey Decimal Classification     General Biblioteca Karol Wojtyla Biblioteca Karol Wojtyla Sala general 03/12/2013 Compra 151000000000000000044294   370.072 VAN 5425 05/01/2026 29/09/2014 03/12/2013 Libro